Educación familiar: nuevas relaciones humanas y humanizadoras

Salvato in:
Dettagli Bibliografici
Autore principale: Gervilla Castillo, Enrique (Autore)
Natura: Libro
Lingua:spagnolo
Pubblicazione: Madrid Narcea 2003
Soggetti:
Tags: Aggiungi Tag
Nessun Tag, puoi essere il primo ad aggiungerne!!

MARC

LEADER 00000nam a2200000 a 4500
001 UCG7368
003 CL-VaPUC
008 110727e20030000SP |||||||||||||||||spa|d
020 |a 8427714114 
082 0 4 |a 302.23  |b GER  |2 21 
100 |a Gervilla Castillo, Enrique  |e author  |9 603554 
245 1 0 |a Educación familiar: nuevas relaciones humanas y humanizadoras 
300 |a 165 p 
942 |c BK 
945 |d 20110727 00:00:00  |a dcastane 
260 |a Madrid  |b Narcea  |c 2003 
650 0 |a Relaciones interpersonales  |9 307056 
650 7 |a RELACIONES PADRES-HIJOS  |2 CL-VaPUC  |9 308185 
650 0 |a Familias   |9 255641 
650 7 |a EDUCACION FAMILIAR  |2 CL-VaPUC  |9 309569 
650 7 |a ROLES DENTRO DE LA FAMILIA  |2 CL-VaPUC  |9 338181 
583 |a last modification  |c 20110727 00:00:00  |k Rodrigo Vera 
999 |c 345386  |d 345384 
952 |0 0  |1 0  |4 0  |6 302_230000000000000_GER_2003  |7 0  |8 A  |9 444036  |a BIBEDU  |b BIBEDU  |d 2019-11-22  |i 4788206  |o 302.23 GER 2003  |p 4788206  |r 2019-11-22  |w 2019-11-22  |y BK  |k EPE